00206 a2200109 4500001000700000020000600007040001100013100000600024240003100030245002600061362000900087175818 a  cMagnum a-10aJoao de barro/edelbralpor10aJoao de barro/edelbra0 a1899